| 000 | 02420nam a2200409 4500 | ||
|---|---|---|---|
| 001 | 113837 | ||
| 003 | DR-UNIBE | ||
| 005 | 20260508111618.0 | ||
| 008 | 250707b2017 dr ||||| |||| 00| 0 spa d | ||
| 040 |
_aBIBLIOTECA UNIBE _bspa _cBIBLIOTECA UNIBE _erda |
||
| 041 | _aspa | ||
| 082 |
_222 _aRD 372.89 V297c |
||
| 100 | 1 | 0 |
_aVargas, Tahira _923492 _eautor |
| 245 | 1 | 0 |
_aCiencias sociales 4 : _beducación básica / _cTahira Vargas |
| 250 | _aPrimera edición | ||
| 260 |
_aSanto Domingo: _bEditorial Edisa, _c2017 |
||
| 300 |
_a127 páginas: _bfotos e ilustraciones a color ; _c27 x 21 cm |
||
| 500 | _aPalabras del autor al inicio de la obra | ||
| 505 | _aPresentación | 1. Nuestras provincias. Su historia y sus tipos de paisaje | 2. Las regiones de nuestro país | 3. La zona rural de la regiones norte y sus características | 4. Las regiones norte en sus zona urbana. Sus características | 5. ¿Cómo surge y evolucionan las regiones norte en el Cibao?. ¿ Cuál ha sido su desarrollo histórico? | 6. Las regiones sureste. Características de su zona rural | 7. Características de las zona urbana de las regiones del sureste | 8. Proceso histórico de las regiones sueste | 9. Las regiones suroeste en su zona rural. Sus características | 10. Características de la zona urbana de las regiones del suroeste | 11. Proceso histórico de las regiones suroeste | 12. Las regiones y la Nación dominicana | 13. De la autora | ||
| 650 | 7 |
_2lemb _aCiencias sociales _xEnseñanza _xEducación primaria _9204637 |
|
| 700 | 1 | 0 |
_aRamírez de Tena, Ligia _9197071 _erevisión |
| 700 | 1 | 0 |
_aBergés Rib, Virginia _9185557 _edirector técnico |
| 700 | 1 | 0 |
_aJiménez N., Margarita _9197072 _edirector técnico |
| 700 | 1 | 0 |
_aRosa, María del Jesus de la _9197022 _edirector técnico |
| 700 | 0 |
_aCampusano, Ramón _9145428 _ediagramador |
|
| 700 | 1 | 0 |
_aGarcía Guerra, Yvonne _9197074 _ediagramador |
| 700 | 1 | 0 |
_aBrito, Braulio _9197024 _ediseñador de portada |
| 700 | 1 | 0 |
_aTrinidad, Manuel _9197075 _ediseñador de portada |
| 700 | 1 | 0 |
_aFélix, Richard _9197023 _ediseñador de portada |
| 700 | 1 | 0 |
_aAracena, Soraya _931817 _efotógrafo |
| 700 | 1 | 0 |
_aGuigny, Jorge _9197076 _efotógrafo |
| 700 | 1 | 0 |
_aCaminero, Carlos _9197077 _efotógrafo |
| 700 | 1 | 0 |
_aLanzetti, Gianfranco _957341 _efotógrafo |
| 700 | 1 | 0 |
_aGarcía Guerra, Yvonne _9197074 _efotógrafo |
| 710 |
_aDisesa _dfotógafo _9197082 |
||
| 942 |
_2ddc _cBK |
||
| 999 |
_c113837 _d113837 |
||